Normal view
MARC view
- Management
Entry Topical Term
001 - CONTROL NUMBER
- control field: 11455
003 - CONTROL NUMBER IDENTIFIER
- control field: NUST
005 - DATE AND TIME OF LATEST TRANSACTION
- control field: 20180705101910.0
008 - FIXED-LENGTH DATA ELEMENTS
- fixed length control field: 180705|| aca||aabn | a|a d
040 ## - CATALOGING SOURCE
- Original cataloging agency: NUST
- Transcribing agency: NUST
150 ## - HEADING--TOPICAL TERM
- Topical term or geographic name entry element: Management
- General subdivision: Study and teaching (Higher)
670 ## - SOURCE DATA FOUND
- Source citation: Work cat.: (NUST)0: Clawson, James G. 11454, Teaching management :, 2006.
